Online katalóg knižníc regiónu Turca

Zážitky z karantény (Record no. 22095)

MARC details
000 -LEADER
fixed length control field 01404nam a2200433 4500
001 - CONTROL NUMBER
control field 22095
003 - CONTROL NUMBER IDENTIFIER
control field VRT
005 - DATE AND TIME OF LATEST TRANSACTION
control field 20260319153055.0
008 - FIXED-LENGTH DATA ELEMENTS--GENERAL INFORMATION
fixed length control field 210308s2020 xr a g 000 j cze d
020 ## - INTERNATIONAL STANDARD BOOK NUMBER
International Standard Book Number 9788026718529
Qualifying information (viazané)
035 ## - SYSTEM CONTROL NUMBER
System control number a000675005
039 #9 - LEVEL OF BIBLIOGRAPHIC CONTROL AND CODING DETAIL [OBSOLETE]
Level of rules in bibliographic description 202107210920
Level of effort used to assign nonsubject heading access points izakovicm
Level of effort used to assign subject headings 202107161053
Level of effort used to assign classification kucmanj
Level of effort used to assign subject headings 202103081157
Level of effort used to assign classification komaromk
Level of effort used to assign subject headings 202103081156
Level of effort used to assign classification komaromk
040 ## - CATALOGING SOURCE
Original cataloging agency TVZK
Language of cataloging slo
Modifying agency UKB
Description conventions rda
041 0# - LANGUAGE CODE
Language code of text/sound track or separate title cze
044 ## - COUNTRY OF PUBLISHING/PRODUCING ENTITY CODE
MARC country code xr
ISO country code CZ
072 #7 - SUBJECT CATEGORY CODE
Subject category code 821.162.3
Subject category code subdivision Česká literatúra
Source konspekt
072 #7 - SUBJECT CATEGORY CODE
Subject category code 641
Subject category code subdivision Kuchárstvo. Potraviny. Varené jedlá
Source konspekt
080 ## - UNIVERSAL DECIMAL CLASSIFICATION NUMBER
Universal Decimal Classification number 821.162.3-32
Edition identifier 2011
080 ## - UNIVERSAL DECIMAL CLASSIFICATION NUMBER
Universal Decimal Classification number (0:82-32)
Edition identifier 2011
080 ## - UNIVERSAL DECIMAL CLASSIFICATION NUMBER
Universal Decimal Classification number (0:82-1)
Edition identifier 2011
080 ## - UNIVERSAL DECIMAL CLASSIFICATION NUMBER
Universal Decimal Classification number 641/642
Edition identifier 2011
100 1# - MAIN ENTRY--PERSONAL NAME
Personal name Pawlowská, Halina,
Dates associated with a name 1955-
Relationship aut
245 10 - TITLE STATEMENT
Title Zážitky z karantény
Statement of responsibility, etc. Halina Pawlowská ; ilustrovala Erika Bornová
250 ## - EDITION STATEMENT
Edition statement Vydání první
264 #1 - PRODUCTION, PUBLICATION, DISTRIBUTION, MANUFACTURE, AND COPYRIGHT NOTICE
Place of production, publication, distribution, manufacture Praha
Name of producer, publisher, distributor, manufacturer Motto
Date of production, publication, distribution, manufacture, or copyright notice 2020
300 ## - PHYSICAL DESCRIPTION
Extent 195 strán
Other physical details ilustrácie
Dimensions 18 cm
336 ## - CONTENT TYPE
Content type term text
Content type code txt
Source rdacontent
337 ## - MEDIA TYPE
Media type term bez média
Media type code n
Source rdamedia
338 ## - CARRIER TYPE
Carrier type term zväzok
Carrier type code nc
Source rdacarrier
650 07 - SUBJECT ADDED ENTRY--TOPICAL TERM
Topical term or geographic name entry element Covid-19
Source of heading or term UKBPH
650 07 - SUBJECT ADDED ENTRY--TOPICAL TERM
Topical term or geographic name entry element karanténa
Source of heading or term UKBPH
650 07 - SUBJECT ADDED ENTRY--TOPICAL TERM
Topical term or geographic name entry element kuchárstvo
Source of heading or term UKBPH
655 #7 - INDEX TERM--GENRE/FORM
Genre/form data or focus term české príbehy
Source of term UKBPH
655 #7 - INDEX TERM--GENRE/FORM
Genre/form data or focus term skutočné príbehy
Source of term UKBPH
655 #7 - INDEX TERM--GENRE/FORM
Genre/form data or focus term kuchárske recepty
Source of term UKBPH
700 1# - ADDED ENTRY--PERSONAL NAME
Personal name Bornová, Erika,
Dates associated with a name 1964-
Relationship ill
942 ## - ADDED ENTRY ELEMENTS (KOHA)
Source of classification or shelving scheme Dewey Decimal Classification
Koha item type Krásna literatúra pre dospelých
Suppress in OPAC No
949 ## - LOCAL PROCESSING INFORMATION (OCLC)
6 1800836218
a 33.D.47106
b KC.2021-496

No items available.

Projekt je podporený Slovenskou asociáciou knižníc
Prevádzkuje Turčianska knižnica Martin 2026